| 000 | 00485nam a2200145Ia 4500 | ||
|---|---|---|---|
| 008 | 140724s9999 xx 000 0 und d | ||
| 050 |
_aHF 5679 _b.Op61 2012 |
||
| 100 | _aOpinion, Ronnel O. | ||
| 245 |
_aMercidita Ochoa Pownshop Transaction System / _cRonnel S. Opinion. |
||
| 260 |
_aLas PiƱas, Philippines : _bSouthville International School and Colleges, _cc2012. |
||
| 300 |
_a33 p. : _bcol. Ill. ; _c28 cm. |
||
| 521 | _aInformation Technology | ||
| 942 | _cTH | ||
| 999 |
_c228789 _d228789 |
||